000 00618nam a2200181Ia 4500
001 24306
005 20260414151034.0
008 260414t2012||||xx |||||||||||||| ||spa||
041 _aESP
082 _a345.2
_bS17
100 _aSalinas Mendoza, Diego
_eAUT
245 0 _aEl plazo razonable del proceso en la jurisprudencia contemporánea :
_bCorte Suprema de los Estados Unidos, Tribunal Europeo de Derechos Humanos, Corte Interamericana de Derechos Humanos, Tribunal Constitucional peruano
260 _c2012
300 _a265 páginas :
_c20 cm.
650 _aDER
654 _aCDE
942 _cLIB
_dJUS
_fJUS
_2ddc
_n
999 _c24306
_d24306